El lenguaje de los sentimientos

Na minha lista:
Detalhes bibliográficos
Autor principal: Viscott, David (Autor)
Formato: Livro
Idioma:espanhol
Publicado em: Barcelona Emece 1997
coleção:Colección Top Emece, 97
Assuntos:
Tags: Adicionar Tag
Sem tags, seja o primeiro a adicionar uma tag!

MARC

LEADER 00000nam a2200000 a 4500
001 UCP3264
003 CL-VaPUC
008 990618e19970000SP |||||||||||||||||spa|d
082 0 4 |a 152.4  |b VIS  |2 21 
100 0 |a Viscott, David  |e author  |9 554711 
245 1 3 |a El lenguaje de los sentimientos 
300 |a 183 p 
942 |c BK 
945 |d 19990618 00:00:00  |a rbrito 
260 |a Barcelona  |b Emece  |c 1997 
650 0 |a Sentimientos   |9 334266 
650 0 |a Depresión   |9 334267 
650 7 |a RABIA  |2 CL-VaPUC  |9 554712 
650 0 |a Emociones   |9 265224 
650 7 |a CULPA  |2 CL-VaPUC  |9 372629 
650 0 |a Ansiedad  |9 307519 
490 0 |a Colección Top Emece, 97 
999 |c 343710  |d 343708 
583 |k Rodrigo Vera 
952 |0 0  |1 0  |4 0  |6 152_400000000000000_VIS_1997  |7 0  |8 A  |9 441229  |a BIBGIM  |b BIBGIM  |d 2019-11-22  |i 3530248  |o 152.4 VIS 1997  |p 3530248  |r 2019-11-22  |w 2019-11-22  |y BK  |k SSL